Derecho constitucional y administrativo (Registro nro. 685)
[ vista simple ]
| 000 -LEADER | |
|---|---|
| fixed length control field | 01629 a2200265 4500 |
| 001 - CONTROL NUMBER | |
| control field | 16017 |
| 005 - DATE AND TIME OF LATEST TRANSACTION | |
| control field | 20260407155453.0 |
| 008 - FIXED-LENGTH DATA ELEMENTS--GENERAL INFORMATION | |
| fixed length control field | 260407a2001 arg spa d |
| 003 - CONTROL NUMBER IDENTIFIER | |
| control field | AR-UNSa-BCEJYS |
| 040 ## - CATALOGING SOURCE | |
| Original cataloging agency | AR-UNSa-BCEJYS |
| Language of cataloging | spa |
| Transcribing agency | AR-UNSa-BCEJYS |
| 080 ## - UNIVERSAL DECIMAL CLASSIFICATION NUMBER | |
| Universal Decimal Classification number | 342 |
| Common auxiliary subdivision | Derecho constitucional (Derecho Público) |
| 020 ## - INTERNATIONAL STANDARD BOOK NUMBER | |
| International Standard Book Number | 978-987-9094-83-9 |
| 041 ## - LANGUAGE CODE | |
| Language code of text/sound track or separate title | spa |
| 100 1# - MAIN ENTRY--PERSONAL NAME | |
| Personal name | Ildarraz, Benigno |
| 245 10 - TITLE STATEMENT | |
| Title | Derecho constitucional y administrativo |
| 250 ## - EDITION STATEMENT | |
| Edition statement | 2a. ed. |
| 264 #1 - PRODUCTION, PUBLICATION, DISTRIBUTION, MANUFACTURE, AND COPYRIGHT NOTICE | |
| Place of production, publication, distribution, manufacture | Córdoba : |
| Name of producer, publisher, distributor, manufacturer | Ediciones Eudecor |
| Date of production, publication, distribution, manufacture, or copyright notice | 2001 |
| 300 ## - PHYSICAL DESCRIPTION | |
| Extent | 680 p. |
| Dimensions | 25 cm. |
| 505 ## - FORMATTED CONTENTS NOTE | |
| Formatted contents note | 1. El derecho como ciencia social. Metodología - 2. Ciencia política: concepto y contenido - 3. El constitucionalismo - 4. Antecedentes del constitucionalismo argentino - 5. Declaraciones, derecho y garantías - 6. Garantías constitucionales - 7. Situaciones de emergencia constitucional - 8. Sistema representativo, republicano y federal - 9. Partidos políticos - 10. Parte Orgánica de la Constitución - 11. El Poder Ejecutivo - 12. Poder Judicial - 13. El derecho administrativo - 14. Los sujetos de la función administrativa - 15. La acción administrativa - 16. Formas de realización - 17. Formas de realización - 18. Medios de la acción administrativa - 19. Límites de la acción administrativa - 20. El procedimiento administrativo - 21. El control judicial |
| 590 ## - LOCAL NOTE (RLIN) | |
| Local note | niveau_biblio:m niveau_hierar:0 |
| 700 1# - ADDED ENTRY--PERSONAL NAME | |
| Personal name | Zarza Mensaque, Alberto R. |
| 700 1# - ADDED ENTRY--PERSONAL NAME | |
| Personal name | Viale, Claudio Martín |
| 856 41 - ELECTRONIC LOCATION AND ACCESS | |
| Uniform Resource Identifier | <a href="https://biblioeco.unsa.edu.ar/pmb/images/libros/Derecho Consitutocional Administrativo-l87060.jpg">https://biblioeco.unsa.edu.ar/pmb/images/libros/Derecho Consitutocional Administrativo-l87060.jpg</a> |
| Link text | Imagen de portada |
| Electronic format type | image/jpeg |
| 942 ## - ADDED ENTRY ELEMENTS (KOHA) | |
| Koha item type | |
| Withdrawn status | Lost status | Damaged status | Not for loan | Home library | Current library | Shelving location | Date acquired | Total checkouts | Full call number | Barcode | Date last seen | Price effective from | Koha item type | Public note |
|---|---|---|---|---|---|---|---|---|---|---|---|---|---|---|
| Biblioteca Prof. Eusebio Cleto del Rey | Biblioteca Prof. Eusebio Cleto del Rey | 07/04/2026 | 342 I27 2ed. | L87061 | 07/04/2026 | 07/04/2026 | Libro | |||||||
| Biblioteca Prof. Eusebio Cleto del Rey | Biblioteca Prof. Eusebio Cleto del Rey | 07/04/2026 | 342 I27 2ed. | l87060 | 07/04/2026 | 07/04/2026 | Libro | HÚMEDO - LÁPIZ - MANCHADO - LAPICERA - | ||||||
| Biblioteca Prof. Eusebio Cleto del Rey | Biblioteca Prof. Eusebio Cleto del Rey | 07/04/2026 | 342 I27 2ed. | l87059 | 07/04/2026 | 07/04/2026 | Libro |